Prvý rok daňovej reformy alebo 19 percent v akcii (ekonomická analýza)
Hodnotenie reformy po roku jej fungovania. Ciele a princípy daňovej reformy. Legislatívne zmeny - daň z príjmov, nepriame dane. Dopad reformy na verejné financie. Vplyv reformy na makroekonomické prostredie. Daňové zaťaženie - práce, kapitálu, domácností. Ako hodnotí daňovú reformu zahraničie. Efekt...
Salvato in:
| Autore principale: | |
|---|---|
| Altri autori: | |
| Natura: | Capitolo di libro |
| Lingua: | slovacco |
| Soggetti: | |
| Tags: |
Nessun Tag, puoi essere il primo ad aggiungerne!!
|
MARC
| LEADER | 00000naa$a2200000$$$4500 | ||
|---|---|---|---|
| 001 | 0037780 | ||
| 005 | 20231106071702.5 | ||
| 041 | 0 | |a slo | |
| 044 | |a SK | ||
| 245 | 1 | 0 | |a Prvý rok daňovej reformy alebo 19 percent v akcii |b (ekonomická analýza) |c Zdenko Krajčír, Ľudovít Ódor |
| 520 | |a Hodnotenie reformy po roku jej fungovania. Ciele a princípy daňovej reformy. Legislatívne zmeny - daň z príjmov, nepriame dane. Dopad reformy na verejné financie. Vplyv reformy na makroekonomické prostredie. Daňové zaťaženie - práce, kapitálu, domácností. Ako hodnotí daňovú reformu zahraničie. Efekty daňovej reformy. | ||
| 610 | 2 | 0 | |a reformy daňové |
| 610 | 2 | 0 | |a Slovensko |
| 610 | 2 | 0 | |a 2004 |
| 610 | 2 | 0 | |a financie verejné |
| 610 | 2 | 0 | |a prostredie ekonomické |
| 610 | 2 | 0 | |a zaťaženie daňové |
| 610 | 2 | 0 | |a analýza ekonomická |
| 100 | 1 | |a Krajčír, Zdenko | |
| 700 | 1 | |a Ódor, Ľudovít | |